00387nam a22001337a 4500008004100000020001500041050002300056100001700079245007000096260003000166300001400196650001600210650002700226220315b |||||||| |||| 00| 0 eng d a1473764347 aHF5636b.G46 2019  aGrene, Jenny aIntroduction to Financial and Management Accounting cJenny Grene aAustraliabCengage c2019 aix, 395p. aAccounting  aManagerial accounting